Statistiken für Europäische Städte Karten-Quiz

Klicken Sie hier um das Quiz zu spielen!

Allgemein

  • Dieses Quiz wurde 41.639 mal gespielt
  • Das Durchschnittsergebnis liegt bei 29 aus 36

Antworten auf der Karte

Die Antworten werden auf der Karte rot bzw. grün angezeigt, abhängig davon wie oft sie richtig erraten wurden.
 

Antwortstatistiken

Antwort% Korrekt
London
91%
Berlin
90%
Lissabon
89%
Paris
89%
Amsterdam
88%
München
88%
Dublin
87%
Düsseldorf
87%
Reykjavik
87%
Athen
85%
Barcelona
85%
Madrid
85%
Moskau
84%
Rom
84%
Wien
83%
Brüssel
82%
Helsinki
82%
Kiew
82%
Marseille
82%
Prag
82%
Edinburgh
81%
Kopenhagen
81%
Manchester
81%
Warschau
81%
St. Petersburg
78%
Mailand
77%
Oslo
77%
Stockholm
77%
Genf
73%
Neapel
72%
Budapest
71%
Palermo
69%
Sarajevo
69%
Sevilla
69%
Bukarest
64%
Belgrad
57%

Verteilung der Resultate

Perzentil nach korrekt beantworteten Fragen

Anzahl Personen mit jedem Resultat

Ihre Resultats-Entwicklung

Sie haben dieses Quiz noch nicht gespielt